All The Life of a Showgirl songs - Taylor Swift - Statistics

General Stats
  • This quiz has been taken 43 times
  • The average score is 11 of 12
Answer Stats
# Song % Correct
5 Eldest Daughter
100%
12 The Life of a Showgirl
100%
9 Wood
100%
10 CANCELLED!
97%
2 Elizabeth Taylor
97%
3 Opalite
97%
1 The Fate of Ophelia
97%
11 Honey
94%
7 Actually Romantic
92%
4 Father Figure
92%
6 Ruin The Friendship
92%
8 Wi$h Li$t
83%
No matching quizzes found
Score Distribution
Percent of People with Each Score
Percentile by Number Answered
Your Score History
You have not taken this quiz